| 000 | 00669nam a2200217 a 4500 | ||
|---|---|---|---|
| 001 | 000023182 | ||
| 005 | 20200930022036.0 | ||
| 008 | 101130s1989 cu r 000 p spa d | ||
| 040 |
_aDO-SdBNP _bspa _cBNPHU |
||
| 082 |
_aCu861.44 _bS939n |
||
| 100 | 1 |
_aSuardíaz, Luis, _d1936- _947729 |
|
| 245 | 1 | 0 |
_aNuevos cuadernos de clase / _cLuis Suardíaz ; edición Eliana Dávila. |
| 260 |
_aLa Habana, Cuba : _bLetras Cubanas, _c1989. |
||
| 300 |
_a71, [3] p. ; _c18 cm. |
||
| 490 | 1 | _aGiraldilla | |
| 650 | 4 |
_aPoesía cubana _95226 |
|
| 650 | 4 |
_aLiteratura cubana _ySIGLO XX _99186 |
|
| 700 | 1 |
_aDávila, Eliana _eed. _911227 |
|
| 830 | 0 |
_aGiraldilla _98904 |
|
| 049 | _aBNGR | ||
| 999 |
_c22679 _d22679 |
||